000 00276nam a2200121 a 4500
008 100916s1972|||| d
245 1 0 _aNávrat do rodiska
100 1 _aHardy, Thomas
260 _bTatran
_aBratislava
_c1972
020 _c24
044 _axo
_cSK
041 _aslo
999 _c10362
_d10362